|
|
|
|
| LEADER |
00000nam a2200000 i 4500 |
| 001 |
in00000000917 |
| 005 |
20251126075725.5 |
| 002 |
526841/Р98-786417 |
| 008 |
080227s2007 unr l000 0yukr d |
| 020 |
|
|
|a 978966385053-5
|c 19.41 грн
|
| 035 |
|
|
|a ( UA-KiNSAL)526841/Р98-786417
|
| 040 |
|
|
|a UA-KiNSAL
|b ukr
|c UA-KiNSAL
|
| 080 |
|
|
|a 631.527.8
|
| 090 |
|
|
|a 631.527.8
|b Р98
|
| 100 |
1 |
|
|a Рябченко, М.О.
|q (Микола Олександрович),
|e автор.
|
| 245 |
1 |
0 |
|a Адаптивна селекція озимої м'якої пшениці :
|b монографія /
|c М. О. Рябченко, О. М. Рябченко; М-во освіти і науки України , Донецький нац. ун-т економіки і торгівлі ім. М.Туган-Барановського
|
| 260 |
|
|
|a :
|b ДонНУЕТ
|a Б.м.,
|c 2007
|
| 300 |
|
|
|a 208с.
|
| 504 |
|
|
|a Бібліогр.: с.160-204
|
| 530 |
|
|
|a Original record
|u https://kubg.libs.net.ua/kubg_recs/0000020286.txt
|
| 650 |
0 |
4 |
|a Пшениця озима м'яка
|x Селекція
|
| 700 |
1 |
|
|a Рябченко, О.М.
|q Олександр Миколайович
|e автор
|
| 710 |
2 |
1 |
|a М-во освіти і науки України 21
|a Донецький нац. ун-т економіки і торгівлі ім. М.Туган-Барановського
|
| 942 |
|
|
|2 UDC
|c BK
|
| 952 |
|
|
|b книга
|z 20080227
|i 526841
|p Kn0002606
|j 526841/Р98-786417
|o 631.527.8 Р98
|a 5
|g 19.41
|c 1
|
| 952 |
|
|
|b книга
|z 20080918
|i 528966
|p Kn0002658
|j 526841/Р98-786417
|o 631.527.8 Р98
|g 19.41
|c 2
|
| 920 |
|
|
|a PAZK
|
| 961 |
|
|
|a 691
|
| 991 |
0 |
0 |
|a 526841/Р98-786417
|
| 997 |
|
|
|a 0000020286
|
| 998 |
|
|
|a 20286
|
| 999 |
f |
f |
|i 38c24775-c981-482b-b8a9-b8d2f96e45f4
|s 4554b143-87fc-48bc-b965-4313c1d38178
|t 0
|